Engineering Design Graphics /

Salvato in:
Dettagli Bibliografici
Autore principale: Earle, James H (Autore)
Natura: Libro
Lingua:inglese
Pubblicazione: Reading : Addison-Wesley Publishing Company, 1990
Edizione:6.Edition
Tags: Aggiungi Tag
Nessun Tag, puoi essere il primo ad aggiungerne!!

MARC

LEADER 00000nam a22000003a 4500
001 stu21856
005 20150617225750.2
008 931117s1990----xxu-----------------eng-d
020 |a 0-201-16893-6 
040 |a STU  |b slo 
041 0 |a eng 
044 |a xxu 
080 |a 66+681.3 
100 1 |a Earle, James H  |4 aut 
245 1 |a Engineering Design Graphics /  |c [aut.]Earle,James H 
250 |a 6.Edition 
260 |a Reading :  |b Addison-Wesley Publishing Company,  |c 1990 
300 |a 751 s :  |b Obr.,tab.,grafy,index 
996 |b C92151  |c C*92151  |l CCXVIII  |s P  |a 0  |w stu21856_0001 
996 |b C92172  |c C*92172  |l CCXVIII  |s P  |a 0  |w stu21856_0002